Les villes les plus peuplées d'Europe commençant par W/Z - Statistiques

Statistiques générales
  • Ce quiz a été pris 61 fois
  • Le résultat moyen est 4 sur 9
Statistiques - réponses
Pays Population Lettres Villes % Correct
Croatie 663 000 Z Zagreb
98%
Suisse 427 000 Z Zürich
96%
Pologne 672 000 W Wroclaw
55%
Ukraine 710 000 Z Zaporijia
34%
Allemagne 354 000 W Wuppertal
27%
Allemagne 278 000 W Wiesbaden
25%
Angleterre 234 000 W Wolverhampton
25%
Pologne 158 000 Z Zabrze
9%
Angleterre 174 000 W Warrington
0%
Aucun quiz correspondant
Distribution des résultats
% des personnes avec chaque résultat
Percentile par nombre de réponses
Votre historique - résultats
Vous n’avez pas pris ce quiz